US Capitals that Start with Letter A - Statistics

General Stats
  • This quiz has been taken 98 times
  • The average score is 4 of 5
Answer Stats
State Capital % Correct
Georgia Atlanta
89%
Maine Augusta
89%
New York Albany
86%
Texas Austin
86%
Maryland Annapolis
73%
No matching quizzes found
Score Distribution
Percent of People with Each Score
Percentile by Number Answered
Your Score History
You have not taken this quiz